[Event "Oberliga Ost-A 0405"]
[Site "Germany"]
[Date "2005.01.15"]
[Round "6.8"]
[White "Wilberg, Frank"]
[Black "Seifert, Dierk"]
[Result "1/2-1/2"]
[WhiteElo "2036"]
[BlackElo "2123"]
[PlyCount "50"]
[EventDate "2004.10.10"]
[EventType "team-tourn"]
[EventRounds "11"]
[EventCountry "GER"]
[SourceTitle "EXT 2006"]
[Source "ChessBase"]
[SourceDate "2005.11.24"]
[SourceVersion "1"]
[SourceVersionDate "2005.11.24"]
[SourceQuality "1"]
[WhiteTeam "Magdeburg Aufbau Elbe"]
[BlackTeam "Dresden SC 1898"]
[WhiteTeamCountry "GER"]
[BlackTeamCountry "GER"]

1. Nf3 Nf6 2. g3 b6 3. Bg2 Bb7 4. 0-0 e6 5. c4 Be7 6. Nc3 0-0 7. d4 Ne4 8. Nxe4 Bxe4 9. d5 Bf6 10. Nd4 Bxg2 11. Kxg2 Qe7 12. Nb5 d6 13. Qc2 a6 14. Nc3 g6 15. Ne4 Bg7 16. Bg5 f6 17. Bd2 h6 18. Nc3 f5 19. dxe6 Qxe6 20. Nd5 Ra7 21. Bc3 Nc6 22. Bxg7 Kxg7 23. Qc3+ Qe5 24. Qxe5+ Nxe5 25. Rac1 Rf7 1/2-1/2

[Event "Oberliga Ost-A 0405"]
[Site "Germany"]
[Date "2004.11.14"]
[Round "3.8"]
[White "Dobierzin, Olaf"]
[Black "Wilberg, Frank"]
[Result "1/2-1/2"]
[WhiteElo "2134"]
[BlackElo "2036"]
[PlyCount "82"]
[EventDate "2004.10.10"]
[EventType "team-tourn"]
[EventRounds "11"]
[EventCountry "GER"]
[SourceTitle "EXT 2006"]
[Source "ChessBase"]
[SourceDate "2005.11.24"]
[SourceVersion "1"]
[SourceVersionDate "2005.11.24"]
[SourceQuality "1"]
[WhiteTeam "Leipzig Lok II"]
[BlackTeam "Magdeburg Aufbau Elbe"]
[WhiteTeamCountry "GER"]
[BlackTeamCountry "GER"]

1. e4 Nf6 2. e5 Nd5 3. d4 d6 4. Nf3 g6 5. Be2 Bg7 6. 0-0 0-0 7. c4 Nb6 8. exd6 cxd6 9. Nc3 Nc6 10. h3 e5 11. Be3 exd4 12. Nxd4 Qf6 13. Ndb5 Rd8 14. Nxa7 Nxc4 15. Bxc4 Nxa7 16. Nd5 Qxb2 17. Nc7 Qxa1 18. Qxa1 Bxa1 19. Nxa8 Be6 20. Bxe6 Rxa8 21. Bd5 Bc3 22. Rb1 Nc6 23. Rxb7 Nd8 24. Rd7 Rb8 25. g3 Bb4 26. Bh6 Bc5 27. Re7 Ne6 28. a4 Bb4 29. Kg2 Bc3 30. Bc6 Nd4 31. Bd5 Ne6 32. Be3 Bf6 33. Ra7 Nd8 34. a5 Rb5 35. Bf3 d5 36. Ra8 Kg7 37. Bb6 Nc6 38. Be2 Rb2 39. Ba6 Bc3 40. Bb7 Nxa5 41. Bxa5 Bxa5 1/2-1/2